Star Rider Ltd v Inntrepreneur Pub Co (Record no. 54061)

MARC details
000 -LEADER
fixed length control field 01238cab a2200253 4500
001 - CONTROL NUMBER
control field ABS58602
008 - FIXED-LENGTH DATA ELEMENTS--GENERAL INFORMATION
fixed length control field 090401t1998 xxu||||| |||| 00| 0 eng d
035 ## - SYSTEM CONTROL NUMBER
System control number (Sirsi) u85932
041 ## - LANGUAGE CODE
Language code of text/sound track or separate title eng
245 ## - TITLE STATEMENT
Title Star Rider Ltd v Inntrepreneur Pub Co
260 ## - PUBLICATION, DISTRIBUTION, ETC.
Date of publication, distribution, etc. 1998
350 ## - PRICE (NR) (BK AM CF MU VM SE) [OBSOLETE]
Price 0
490 ## - SERIES STATEMENT
Series statement Estates Gazette Law Reports
Volume/sequential designation (1998) 16 E140-145(6)
520 ## - SUMMARY, ETC.
Summary, etc. ChD 8 December 1997. S occupied public house, on an agreement for a lease. Subject to terms of the lease, S had to purchase first defendant`s specialised beers. S incurred arrears of licence fees and ceased purchase of beers under the tie clause. S issued proceedings under the Treaty of Rome article 85(1), claiming damages, due to tie clause. First defendant issued notice to quit on S, claiming possession and arrear of licence fees. S sought relief from forfeiture. Held, Judgment given to first defendant. Agreed that S should have relief from forfeiture upon certain terms.
650 ## - SUBJECT ADDED ENTRY--TOPICAL TERM
Topical term or geographic name entry element FORFEITURE
650 ## - SUBJECT ADDED ENTRY--TOPICAL TERM
Topical term or geographic name entry element LANDLORD AND TENANT
9 (RLIN) 6252
650 ## - SUBJECT ADDED ENTRY--TOPICAL TERM
Topical term or geographic name entry element LEASE
650 ## - SUBJECT ADDED ENTRY--TOPICAL TERM
Topical term or geographic name entry element PUBLIC HOUSE
650 ## - SUBJECT ADDED ENTRY--TOPICAL TERM
Topical term or geographic name entry element STAR RIDER LTD V INNTREPRENEUR PUB CO
650 ## - SUBJECT ADDED ENTRY--TOPICAL TERM
Topical term or geographic name entry element TREATY OF ROME ART 85
690 ## - LOCAL SUBJECT ADDED ENTRY--TOPICAL TERM (OCLC, RLIN)
Topical term or geographic name as entry element LANDLORD AND TENANT-CASE LAW
942 ## - ADDED ENTRY ELEMENTS (KOHA)
Suppress in OPAC 0
948 ## - LOCAL PROCESSING INFORMATION (OCLC); SERIES PART DESIGNATOR (RLIN)
c (OCLC) 30/04/1998
Holdings
Withdrawn status Lost status Source of classification or shelving scheme Damaged status Not for loan Home library Current library Shelving location Date acquired Total Checkouts Full call number Barcode Date last seen Copy number Price effective from Koha item type
    Dewey Decimal Classification     London London Journal article 14/09/1999   ABS58602 85932-1001 06/08/2019 1 06/08/2019 Law report